[Event "Plzen, FSB A"]
[Site "?"]
[Date "2004.??.??"]
[Round "9.39"]
[White "Cecil, P."]
[Black "Adamek, F."]
[Result "0-1"]
[WhiteElo "2042"]
[BlackElo "2144"]
[PlyCount "116"]
[EventDate "2004.??.??"]
[Source "ChessBase"]
[SourceDate "1996.11.15"]

1. Nf3 d5 2. g3 c5 3. Bg2 Nc6 4. d4 e6 5. O-O f5 6. c3 Nf6 7. Bf4 Bd6 8. Bxd6
Qxd6 9. e3 O-O 10. Re1 Bd7 11. Na3 c4 12. Nc2 b5 13. Nd2 Rab8 14. Qe2 Ne4 15.
f3 Nxd2 16. Qxd2 b4 17. cxb4 Nxb4 18. Nxb4 Qxb4 19. Re2 Rfc8 20. Rc1 Qxd2 21.
Rxd2 Rb6 22. Rf1 c3 23. bxc3 Rxc3 24. e4 Bb5 25. Ra1 Rd3 26. Rxd3 Bxd3 27. exd5
exd5 28. f4 Be4 29. Bf1 Rb2 30. a3 h6 31. Rc1 Rb3 32. Ra1 Kf7 33. Be2 Ke6 34.
Kf2 Kd6 35. Ke1 Kc7 36. Kd2 Rb2+ 37. Ke1 Kb6 38. h3 Rb3 39. Kf2 Ka5 40. Rc1
Rxa3 41. Rc7 Kb4 42. Rxg7 a5 43. Rb7+ Kc3 44. g4 Kxd4 45. g5 hxg5 46. fxg5 Rxh3
47. g6 Rh2+ 48. Kf1 Ke3 49. Rb3+ Kf4 50. Bg4 Rh6 51. Rb6 fxg4 52. g7 Rh1+ 53.
Ke2 Rh2+ 54. Kd1 Bh7 55. Rb5 g3 56. Rb8 g2 57. Rf8+ Ke3 58. Re8+ Kd3 0-1

[Event "Plzen, FSB A"]
[Site "?"]
[Date "2004.??.??"]
[Round "9.41"]
[White "Muk, I."]
[Black "Gutdeutsch, O."]
[Result "1-0"]
[WhiteElo "1916"]
[BlackElo "2116"]
[PlyCount "75"]
[EventDate "2004.??.??"]
[Source "ChessBase"]
[SourceDate "1996.11.15"]

1. d4 Nf6 2. c4 e5 3. dxe5 Ne4 4. a3 a5 5. b3 Nc6 6. Nf3 Bc5 7. e3 Nxe5 8. Bb2
Nxf3+ 9. Qxf3 Ng5 10. Qd5 Ne6 11. Nc3 c6 12. Qd1 Qh4 13. g3 Qh6 14. Qd3 Be7 15.
Bg2 Nc5 16. Qc2 Qg6 17. e4 Bf6 18. O-O O-O 19. b4 axb4 20. axb4 Rxa1 21. Rxa1
Na6 22. Na2 d5 23. cxd5 cxd5 24. b5 Nb8 25. Bxf6 Qxf6 26. Rc1 g6 27. exd5 Bf5
28. Qd2 Kg7 29. Qc3 Re8 30. Qxf6+ Kxf6 31. Nc3 Nd7 32. f4 g5 33. d6 b6 34. Nd5+
Kg6 35. Ne7+ Kf6 36. fxg5+ Ke5 37. Nxf5 Nc5 38. Re1+ 1-0

[Event "Plzen, FSB A"]
[Site "?"]
[Date "2004.??.??"]
[Round "9.42"]
[White "Vojir jr., V."]
[Black "Racek, J."]
[Result "1/2-1/2"]
[WhiteElo "1863"]
[BlackElo "2112"]
[PlyCount "29"]
[EventDate "2004.??.??"]
[Source "ChessBase"]
[SourceDate "1996.11.15"]

1. d4 Nf6 2. Bf4 d5 3. e3 Bg4 4. Be2 Bxe2 5. Qxe2 c6 6. Nd2 e6 7. h3 Bd6 8.
Bxd6 Qxd6 9. c3 O-O 10. Ngf3 Nbd7 11. O-O e5 12. dxe5 Nxe5 13. Nxe5 Qxe5 14.
Nf3 Qe4 15. Rfd1 1/2-1/2

[Event "Plzen, FSB A"]
[Site "?"]
[Date "2004.??.??"]
[Round "9.43"]
[White "Vojir sr., V."]
[Black "Hyrs, M."]
[Result "1/2-1/2"]
[WhiteElo "1721"]
[BlackElo "2108"]
[PlyCount "62"]
[EventDate "2004.??.??"]
[Source "ChessBase"]
[SourceDate "1996.11.15"]

1. d4 f5 2. Bf4 d6 3. e3 g6 4. Bc4 Nf6 5. h3 Bg7 6. Ne2 e6 7. c3 O-O 8. O-O Kh8
9. Nd2 Qe7 10. Qc2 Nh5 11. Bh2 e5 12. f3 Bh6 13. f4 e4 14. Kh1 c6 15. Rg1 Nf6
16. a4 b6 17. b4 d5 18. Bb3 Ba6 19. Qd1 Nbd7 20. Nb1 Ne8 21. Na3 Nd6 22. Qe1 b5
23. a5 Bc8 24. Bd1 g5 25. g3 Nf6 26. Nc1 Be6 27. Be2 Rg8 28. Qf2 Rg7 29. Nb3
Rag8 30. Nc5 Bf7 31. Raf1 gxf4 1/2-1/2

[Event "Plzen, FSB A"]
[Site "?"]
[Date "2004.??.??"]
[Round "9.45"]
[White "Kamenik, M."]
[Black "Steinhauser, A."]
[Result "1-0"]
[WhiteElo "2057"]
[BlackElo "1714"]
[PlyCount "67"]
[EventDate "2004.??.??"]
[Source "ChessBase"]
[SourceDate "1996.11.15"]

1. e4 c5 2. f4 d5 3. exd5 Qxd5 4. Nc3 Qd8 5. Bc4 Nf6 6. d3 e6 7. Nf3 Nc6 8. O-O
Be7 9. a4 O-O 10. Qe1 Nd4 11. Nxd4 Qxd4+ 12. Be3 Qd8 13. h3 Nd5 14. Ne4 Nxe3
15. Qxe3 b6 16. Kh2 Qc7 17. Rae1 Bb7 18. g3 h6 19. h4 a6 20. f5 exf5 21. Rxf5
Bxh4 22. Ref1 Bxe4 23. Rxf7 Rxf7 24. Rxf7 Qxg3+ 25. Qxg3 Bxg3+ 26. Kxg3 b5 27.
Be6 Bh1 28. Rf1+ Kh7 29. Rxh1 g5 30. Rf1 Kg6 31. Bd5 Rb8 32. a5 h5 33. Be4+ Kg7
34. Rf5 1-0

[Event "Plzen, FSB A"]
[Site "?"]
[Date "2004.??.??"]
[Round "9.46"]
[White "Vladyka, V."]
[Black "Kriz, D."]
[Result "1/2-1/2"]
[WhiteElo "2048"]
[BlackElo "1732"]
[PlyCount "52"]
[EventDate "2004.??.??"]
[Source "ChessBase"]
[SourceDate "1996.11.15"]

1. e4 e5 2. Nf3 Nc6 3. Bb5 Nf6 4. O-O Nxe4 5. Re1 Nd6 6. Bxc6 dxc6 7. Nxe5 Be7
8. d4 O-O 9. Nc3 Nf5 10. Nf3 Bf6 11. Be3 Nxe3 12. Rxe3 Bg4 13. Rd3 Re8 14. h3
Bf5 15. Rd2 Qd6 16. Ne2 Rad8 17. Ng3 Bg6 18. c3 Re7 19. Re2 Rde8 20. Rxe7 Rxe7
21. Qd2 h6 22. Re1 Rxe1+ 23. Qxe1 Qe7 24. Qe3 Kf8 25. Kf1 h5 26. Qxe7+ Kxe7
1/2-1/2

[Event "Plzen, FSB A"]
[Site "?"]
[Date "2004.??.??"]
[Round "9.47"]
[White "Skacel, J."]
[Black "Vlcek, J."]
[Result "1-0"]
[WhiteElo "2103"]
[BlackElo "1976"]
[PlyCount "51"]
[EventDate "2004.??.??"]
[Source "ChessBase"]
[SourceDate "1996.11.15"]

1. e4 c5 2. Nc3 Nc6 3. g3 g6 4. Bg2 Bg7 5. d3 d6 6. Be3 e6 7. Nge2 Nge7 8. O-O
Rb8 9. Qd2 b5 10. Bh6 O-O 11. Bxg7 Kxg7 12. Nd1 Ng8 13. d4 cxd4 14. Nxd4 Ne5
15. Ne3 Qb6 16. b3 Bb7 17. f3 Nf6 18. Rf2 Rbc8 19. Rd1 d5 20. exd5 Nxd5 21.
Nxd5 Bxd5 22. Qe2 Nd7 23. Qxb5 Qd6 24. c4 a6 25. Qa5 Bb7 26. Nf5+ 1-0

[Event "Plzen, FSB A"]
[Site "?"]
[Date "2004.??.??"]
[Round "9.48"]
[White "Fruehauf, N."]
[Black "Kovarik, J."]
[Result "1-0"]
[WhiteElo "2097"]
[BlackElo "1959"]
[PlyCount "45"]
[EventDate "2004.??.??"]
[Source "ChessBase"]
[SourceDate "1996.11.15"]

1. e4 d6 2. d4 Nf6 3. f3 g6 4. c4 c5 5. Ne2 cxd4 6. Nxd4 Nc6 7. Be3 Bg7 8. Qd2
O-O 9. Nc3 Qa5 10. Be2 Re8 11. O-O Bd7 12. Rfd1 Rac8 13. Nb3 Qd8 14. c5 dxc5
15. Nxc5 Rc7 16. Nb5 Nb8 17. Nxc7 Qxc7 18. Nxd7 Nbxd7 19. Rac1 Qe5 20. Bf4 Qe6
21. Bc4 Qb6+ 22. Be3 Qd8 23. Bb5 1-0

[Event "Plzen, FSB A"]
[Site "?"]
[Date "2004.??.??"]
[Round "9.49"]
[White "Hava, P."]
[Black "Malec, J."]
[Result "1/2-1/2"]
[WhiteElo "1770"]
[BlackElo "2079"]
[PlyCount "24"]
[EventDate "2004.??.??"]
[Source "ChessBase"]
[SourceDate "1996.11.15"]

1. e4 d6 2. d4 Nf6 3. Nc3 Bg4 4. Be2 Bxe2 5. Ngxe2 Nbd7 6. Be3 e5 7. Qd2 Ng4 8.
O-O-O Nxe3 9. Qxe3 Be7 10. f4 exf4 11. Nxf4 O-O 12. h4 c6 1/2-1/2

[Event "Plzen, FSB A"]
[Site "?"]
[Date "2004.??.??"]
[Round "9.50"]
[White "van Himbergen, H."]
[Black "Sladek, J."]
[Result "1/2-1/2"]
[WhiteElo "1996"]
[BlackElo "2042"]
[PlyCount "75"]
[EventDate "2004.??.??"]
[Source "ChessBase"]
[SourceDate "1996.11.15"]

1. Nf3 d6 2. d4 Nd7 3. e4 e5 4. Bc4 c6 5. O-O Be7 6. Nc3 Ngf6 7. a4 a5 8. Re1
O-O 9. h3 Qc7 10. Ba2 b6 11. Be3 Ba6 12. d5 c5 13. Nd2 Qd8 14. Bc4 Ne8 15. Bxa6
Rxa6 16. Nc4 Bg5 17. Qd2 Bxe3 18. Nxe3 g6 19. Rf1 Ra7 20. Nb5 Rb7 21. Nc4 Qe7
22. Rae1 Kg7 23. g3 f6 24. f4 Rf7 25. Kg2 h6 26. f5 g5 27. c3 Nb8 28. Qe2 Kh7
29. Ra1 Qd8 30. Rfb1 Rfd7 31. Nca3 Nc7 32. h4 Rg7 33. Rh1 g4 34. Rhb1 h5 35.
Nxc7 Rgxc7 36. c4 Na6 37. Nc2 Qf8 38. Qd2 1/2-1/2

[Event "Plzen, FSB A"]
[Site "?"]
[Date "2004.??.??"]
[Round "9.51"]
[White "van der Veen, R."]
[Black "Woudstra, W."]
[Result "1/2-1/2"]
[WhiteElo "2002"]
[BlackElo "1781"]
[PlyCount "84"]
[EventDate "2004.??.??"]
[Source "ChessBase"]
[SourceDate "1996.11.15"]

1. e4 c5 2. Nf3 Nc6 3. d4 cxd4 4. Nxd4 e5 5. Nb5 d6 6. a4 a6 7. N5a3 Nf6 8. Nc3
Bg4 9. f3 Be6 10. Bc4 Rc8 11. Bxe6 fxe6 12. Be3 Be7 13. O-O O-O 14. Qe2 d5 15.
exd5 exd5 16. Rfd1 Bb4 17. Ne4 Ne7 18. c3 Bxa3 19. Rxa3 Nf5 20. Bc5 Re8 21. Rb3
Qa5 22. Nxf6+ gxf6 23. Bf2 Re7 24. Rb6 Rc6 25. Rxc6 bxc6 26. Qc2 Nd6 27. b4 Qc7
28. Bc5 Rg7 29. Bxd6 Qxd6 30. Qe2 c5 31. Qd2 Rd7 32. Kf1 cxb4 33. cxb4 Qc6 34.
Qa2 Kg7 35. Rd2 Qc1+ 36. Kf2 d4 37. Qc2 Rc7 38. Qxc1 Rxc1 39. Rb2 Ra1 40. a5
Kf7 41. Ke2 Rg1 42. Kf2 Ra1 1/2-1/2

[Event "Plzen, FSB A"]
[Site "?"]
[Date "2004.??.??"]
[Round "9.52"]
[White "Zimmer, C."]
[Black "Reitingerova, I."]
[Result "0-1"]
[WhiteElo "2020"]
[BlackElo "1841"]
[PlyCount "50"]
[EventDate "2004.??.??"]
[Source "ChessBase"]
[SourceDate "1996.11.15"]

1. c4 e5 2. Nc3 d6 3. g3 Nc6 4. Bg2 f5 5. d3 Nf6 6. Nf3 Be7 7. e4 O-O 8. O-O
Qe8 9. Qe2 fxe4 10. dxe4 Bg4 11. h3 Nd4 12. Qd3 Nxf3+ 13. Bxf3 Bxh3 14. Bg2 Qh5
15. f3 Bxg2 16. Kxg2 c6 17. Be3 Qg6 18. Ne2 Nh5 19. Rh1 b6 20. Rh2 Rad8 21.
Rah1 Nf6 22. Qa3 Qf7 23. Qc3 Nxe4 24. fxe4 Qf3+ 25. Kh3 Qh5+ 0-1